000 01760nam0a22003011 4500
001 v19\rc\1645684
005 20260406091545.0
035 _a(NLR Aleph) 004758030
090 _a4569302
_c4569302
100 _a20061002d1887 |||y0rusy50 ca
101 0 _arus
102 _aRU
105 _aa z |||||
200 1 _aПравила содержания и охранения паровозных железных дорог. открытых для общественного пользования, утвержденные министром путей сообщения 15 января 1883 года, измененные по продолжениям 1884-1886 гг.
_eС прил. разъяснений и циркуляров Деп. ж. д. и с включением статей законов, необходимых ко включению в инструкции служащим и в объявлениях на переездах
_eИспр. по 1 марта 1887 г.
_fСост. инж. П. Иванов
210 _aСанкт-Петербург
_cтип. Ю.Н. Эрлих
_d1887
215 _a[2], IV, 105 с.
_cил.
_d16
311 _aДополнение, 1891 (шифр: 18.319.1.116(2))
421 0 _11010#$arus
_12001#$aДополнение
_1210##$d1891
_1215##$a16 с.
_1899##$aNLR$j18.319.1.116(2)
_tДополнение
700 1 _4220
_7ca
_8rus
_aИванов
_bП. Д.
_cинженер
_f1853-
_gПавел Дмитриевич
_92669601
_3RU\NLR\AUTH\770282129
801 0 _aRU
_bNLR
_gpsbo
801 0 _aRU
_bRuMoRGB
_2psbo
801 1 _aRU
_bProSoft-M
_2rusmarc
852 _aNLR
_j18.319.1.116(1)
899 _aRuMoRGB (без доп.)
_jO 38/337
899 _aБАН (без доп.)
942 _cBOOK
980 _aNB